| 000 | 01021cam a2200217 4500 | ||
|---|---|---|---|
| 001 | X115074 | ||
| 008 | 011011n2001 000 0 eng u | ||
| 035 | _a(Sirsi) u115074 | ||
| 245 | _aRushton and another v Worcester City Council | ||
| 260 | _c2001 | ||
| 490 |
_aEstates Gazette _v[2001] 41 EG 149 (CS) (31/3/01) |
||
| 520 | _aCA 16 March 2001. Tenant exercising right to buy - local authority landlords failing to notify tenant of structural defect in property - tenant bringing action for breach of statutory duty and misrepresentation - judge finding in favour of tenant and awarding damages - local authority appealing - whether remedy of misrepresentation available - Housing Act 1985 part V and Misrepresentation Act 1967 s2 - appeal allowed. | ||
| 650 | _aMISREPRESENTATION ACT 1967 | ||
| 650 | _aMISREPRESENTATION | ||
| 650 | _aHOUSING ACT 1985 | ||
| 650 | _aRIGHT TO BUY | ||
| 650 | _aHOUSING | ||
| 650 | _aRUSHTON AND ANOTHER V WORCESTER CITY COUNCIL | ||
| 690 | _aHOUSING-CASE LAW | ||
| 942 | _n0 | ||
| 999 |
_c68549 _d68549 |
||